| 000 | 00836nam a22002417a 4500 | ||
|---|---|---|---|
| 003 | BUBTL | ||
| 008 | 211129b ||||| |||| 00| 0 eng d | ||
| 020 | _a9789353162382 | ||
| 082 | _a658.049/ H5501i/ 2017 | ||
| 100 |
_91471 _aHill, Charles W. L. |
||
| 245 |
_aInternational Business / _cCharles W. L. Hill, G. Thomas M. Hult, Rohit Mehtani |
||
| 250 | _a11th Edn. | ||
| 260 |
_aChennai: _bMcGraw Hill Education (India) Private Limited, _cc2019 |
||
| 300 |
_axlv, 835 p.: _bill.; _c25 cm. |
||
| 500 | _aIncludes Index | ||
| 505 | _aInternational Business, Charles W. L. Hill, G. Thomas M. Hult, Rohit Mehtani, Business | ||
| 650 | 0 |
_961 _aBusiness |
|
| 700 |
_94407 _a Hult, G. Thomas M. |
||
| 700 |
_94408 _a Mehtani, Rohit |
||
| 856 |
_k0 _l0 _yDownload |
||
| 942 |
_2ddc _cBK |
||
| 999 |
_c6584 _d6584 |
||